[Event "Gashimov Memorial-A 1st"]
[Site "Shamkir"]
[Date "2014.04.20"]
[Round "1"]
[White "Carlsen, Magnus"]
[Black "Mamedyarov, Shakhriyar"]
[Result "1-0"]
[WhiteElo "2881"]
[BlackElo "2760"]
[Annotator "Krasenkow,Michal"]
[PlyCount "93"]
[EventDate "2014.04.20"]
[EventType "tourn"]
[EventRounds "10"]
[EventCountry "AZE"]
[EventCategory "22"]
[SourceTitle "CBM 160"]
[Source "ChessBase"]
[SourceDate "2014.05.15"]
[SourceVersion "1"]
[SourceVersionDate "2014.05.15"]
[SourceQuality "1"]

1. d4 d5 2. c4 c6 3. Nf3 Nf6 4. Nc3 e6 5. Bg5 Nbd7 6. e3 Qa5 7. cxd5 Nxd5 8. Rc1 {This rare continuation has recently become quite popular.} Nxc3 ({White meets} 8... Bb4 {with} 9. a3 Bxc3+ 10. bxc3 {sacrificing his a3-pawn but getting good compensation: the bishop pair and a strong centre.}) 9. bxc3 Ba3 (9... Qxa2 10. Bd3 Bd6 11. O-O Qa5 12. c4 $44 {E.Postny}) 10. Rc2 b6 (10... O-O 11. Bd3 e5 {is another way to activate the c8-bishop. In the following game Black obtained a decent position:} 12. O-O Re8 13. e4 Be7 14. Be3 Qc7 15. h3 b5 16. Nh2 Bb7 17. f4 c5 $1 18. fxe5 c4 19. Be2 Bxe4 20. Rb2 Qc6 $13 {1/2 (51) Vovk,Y (2608)-Antipov,M (2488) Riga 2013}) 11. Be2 (11. Bd3 {is more common but a way to pose any problems to Black is yet to be found:} Ba6 12. O-O Bxd3 13. Qxd3 O-O 14. c4 (14. e4 Rfe8 15. e5 $6 (15. Bf4 $142 {E.Postny}) 15... h6 16. Bh4 c5 17. Nd2 cxd4 18. cxd4 Rac8 $1 19. Nc4 Qb5 20. f4 Rc7 21. Qxa3 Rxc4 22. Rxc4 Qxc4 23. Bf2 Qc7 24. Rc1 Qb7 25. Qd6 Nf8 $11 {0-1 (57) Gelfand,B (2740)-Carlsen,M (2872) London 2013 CBM 154 [Postny,E]}) (14. Rb1 Rfe8 15. Bh4 Rac8 16. c4 Bd6 17. Ng5 Qf5 18. Qxf5 exf5 19. Bg3 Bxg3 20. hxg3 c5 21. Nf3 Nf6 22. Kf1 Ne4 $11 {1/2 (85) Moiseenko,A (2703)-Dreev,A (2679) Jakarta 2013}) 14... h6 15. Bh4 (15. Bf4 $5 {E.Postny}) 15... Rfe8 16. Nd2 (16. e4 e5 17. d5 Nc5 18. Qe2 Qa4 $11 {1/2 (38) Malakhatko,V (2548)-Michiels,B (2489) Antwerp 2011}) (16. Rd1 $5 {E.Postny}) 16... Be7 17. Bxe7 Rxe7 18. c5 bxc5 19. Nb3 Qa4 {1/2 (19) Cmilyte,V (2525)-Gurevich,M (2596) Konya 2012} 20. Nxc5 Nxc5 21. Rxc5 Qxa2 22. Rxc6 a5 $11) 11... Ba6 12. O-O Bxe2 13. Qxe2 ({RR} 13. Rxe2 O-O 14. e4 c5 15. d5 Qb5 16. Be7 Rfe8 17. d6 e5 18. Nh4 g6 19. f4 exf4 20. Rxf4 c4 21. Kh1 Ne5 22. Nf3 Nd3 23. Rh4 Rxe7 24. dxe7 Bxe7 25. Rg4 Rd8 26. Qf1 Bf6 27. e5 Bxe5 {Ter Sahakyan,S (2611)-Aswath,S (2469) chess.com INT 2025 1-0 (44)}) 13... O-O {White has a pawn advantage in the centre but it should not worry Black too much as he has good development and prospects of counterplay with ...e6-e5 or ...c6-c5.} 14. e4 $146 (14. Rd1 Rfe8 (14... e5 $5) 15. Bf4 (15. e4 Rac8 16. Bf4 {preventing ...e6-e5} c5 17. Nd2 b5 (17... cxd4 $142 18. Nc4 Qa6 $11) 18. dxc5 Nxc5 19. Nb1 e5 20. Bg3 a6 21. c4 b4 22. Rd5 Qa4 23. f3 b3 24. axb3 Qxb3 25. Nxa3 Qxa3 26. Bf2 Ne6 27. g3 $14 {1/2 (61) Cmilyte,V (2515)-Dreev,A (2673) Caleta ENG 2014}) 15... Rac8 16. c4 Be7 17. e4 {looks formidable but Black finds a way to create counterplay:} Qa4 18. h3 Nf8 19. Be3 Ng6 20. g3 c5 21. d5 exd5 22. Rxd5 Bf6 23. Qd3 Ne7 24. Rd6 Nc6 25. a3 Be5 26. Rd5 Bc7 27. Kg2 Ne7 28. Rd7 Nc6 29. Rd5 Ne7 30. Rd7 Nc6 {1/2 (30) Tomashevsky,E (2697)-Dreev,A (2670) Loo RUS 2014}) (14. Bf4 $5 {- this move order is yet to be tried.}) 14... Rac8 $146 {I don't like this standard move. What's its idea? After ...c6-c5 White plays d4-d5 anyway, and the c-file remains closed.} (14... c5 15. d5 $36) (14... Rfe8 $5 {[%cal Ge8e2,Yc6c5]}) ({RR} 14... Rfe8 15. e5 Bf8 16. Rd1 Rac8 17. c4 h6 18. Bh4 Qa4 19. Rc3 c5 20. d5 exd5 21. Rxd5 Nb8 22. Re3 Re6 23. Ne1 Nc6 24. f4 Nd4 25. Qd3 Qxa2 26. Rd7 Rce8 27. Nf3 Nxf3+ 28. Rxf3 b5 29. cxb5 {Reimanis,R (2361)-Jogstad,D (2137) Gothenburg SWE 2023 ½-½ (35)}) ({RR} 14... e5 15. Rd1 Rfe8 16. h3 Bf8 17. Bh4 g6 18. Nh2 exd4 19. Rxd4 Be7 20. Rxd7 Bxh4 21. g3 Rad8 22. Rcd2 Rxd7 23. Rxd7 Be7 24. Qd3 Qb5 25. c4 Qe5 26. Kg2 Qe6 27. Rxa7 Bf8 28. e5 Qxe5 29. Ng4 {Salem,A (2677)-Murzin,V (2604) Dubai UAE 2023 ½-½ (32)}) 15. e5 {[%mdl 32] The same plan as in Gelfand - Carlsen (see above) but White's queen is placed on e2 better than on d3.} Qa4 {Black prevents f3-d2 (-c4 or e4).} (15... c5 $2 16. d5 $1 exd5 17. e6 fxe6 18. Qxe6+ Rf7 19. Ne5 $18 {E.Gleizerov}) 16. c4 Rfe8 ({Perhaps it was slightly more accurate to play} 16... h6 {first:} 17. Bh4 (17. Be3 Rfd8 {[%cal Yd7f8]}) 17... Rfe8 {[%cal Yd7f8,Yf8g6]}) 17. Rd1 c5 ({Probably it was better to wait:} 17... Nf8 {But that means that the initiative belongs to White.}) 18. d5 {[%csl Ra3]} exd5 19. Rxd5 (19. cxd5 $1 {was more energetic:} Nxe5 20. Nxe5 Rxe5 21. Qxe5 Qxc2 22. Re1 $44 {[%csl Gd5] E.Gleizerov}) 19... Nf8 (19... Nb8 $142 {[%cal Yb8c6] to keep the e5-pawn under fire (recommended by E.Gleizerov). The position remains unclear in that case.}) 20. h4 h6 21. Be3 Ng6 $6 {This position of the knight is unsafe in view of h4-h5.} (21... Rc7 $142 {[%cal Yc7e7] The knight can pick its way out later on.}) 22. Qd3 $1 {Preventing ...g6-e7-f5.} Re6 (22... Nf8 {(admitting his mistake)} 23. h5 $36 {[%cal Yf3h4,Yh4f5]} Rcd8 $5 {was probably a better possibility.}) 23. h5 Ne7 24. Rd6 {Carlsen plays in a positional manner. The rook exchange on e6 weakens Black's pawn structure.} (24. Rd8+ {was better but required accurate calculation:} Rxd8 25. Qxd8+ Kh7 26. Rd2 Bc1 (26... Qxc4 $2 27. Bxh6 $1 gxh6 28. Qf8 {[%cal Rf8f7,Rd2d8]}) 27. Rd7 Bxe3 28. fxe3 Qxa2 29. Rxe7 Rxe7 30. Qxe7 Qxc4 31. Qxa7 b5 32. Qa6 {, and White should win as} Qc1+ 33. Kh2 b4 {doesn't work due to} 34. Qd3+ Kg8 35. e6 $1 fxe6 36. Qd8+ Kh7 37. Ne5 {[%cal Re5g6]}) 24... Bb4 25. Rc1 Re8 26. Rxe6 fxe6 27. Nh4 {[%cal Yg2g4,Yg4g5,Yh4g6]} Qc6 (27... Qxa2 $2 28. Qd7 Kf7 29. Ng6 {[%cal Rg6f4]} Qa6 30. Rd1 {[%cal Yd1d3,Ye3h6,Yd3f3]} Qc8 31. Qxa7 $18 {[%cal Yd1d7] E.Gleizerov}) 28. a3 Ba5 29. Rd1 Qc7 30. Ng6 Nxg6 31. Qxg6 Qf7 32. Rd3 $1 {Preventing ...a5-c3. White is practically a piece up.} a6 (32... Qxg6 33. hxg6 Kf8 34. Kf1 Ke7 35. Bf4 $1 {[%cal Yf4g3,Yg3h4] , and Black is completely helpless}) 33. a4 Rf8 34. g4 {The advance of the kingside pawns decides the game.} Qe8 $6 35. Rd6 Qxa4 (35... Qxg6 36. hxg6 Re8 37. f4 $18) 36. Qxe6+ Kh8 37. Bxh6 $1 {White accurately calculates that Black's subsequent rook sacrifice doesn't give him a perpetual.} Qa1+ 38. Kg2 Rxf2+ 39. Kxf2 Qe1+ 40. Kg2 Qe4+ 41. Kh3 Qh1+ 42. Kg3 Qe1+ (42... Be1+ 43. Kf4 Qh2+ 44. Kg5 Bh4+ 45. Kg6 Qc2+ 46. Qf5 $18) 43. Kf4 Bd2+ 44. Rxd2 Qxd2+ 45. Kf5 gxh6 46. Qe8+ Kg7 47. Qe7+ (47. Qe7+ Kg8 48. Kg6 Qd3+ 49. Kxh6 Qe3+ 50. g5 $18) 1-0

[Event "Gashimov Memorial-A 1st"]
[Site "Shamkir"]
[Date "2014.04.21"]
[Round "2"]
[White "Carlsen, Magnus"]
[Black "Nakamura, Hikaru"]
[Result "1-0"]
[WhiteElo "2881"]
[BlackElo "2772"]
[Annotator "Roiz,Michael"]
[PlyCount "121"]
[EventDate "2014.04.20"]
[EventType "tourn"]
[EventRounds "10"]
[EventCountry "AZE"]
[EventCategory "22"]
[SourceTitle "CBM 160"]
[Source "ChessBase"]
[SourceDate "2014.05.15"]
[SourceVersion "1"]
[SourceVersionDate "2014.05.15"]
[SourceQuality "1"]

1. d4 {Ftacnik,Lubomir} d5 2. c4 c6 3. Nf3 Nf6 4. e3 Bf5 5. Nc3 a6 6. Be2 h6 7. Bd3 $146 {This novelty can hardly pose Black new problems. The inclusion of h7-h6 does not affect the position much, so the resulting positions should be compared with the known 6.d3 line.} ({In his previous rapid game, Magnus went for the most ambitious:} 7. Qb3 Ra7 8. cxd5 cxd5 9. Ne5 e6 10. Bd2 {Black should have played:} Be7 ({and here instead of:} 10... Bd6 $2 11. Qa4+ Nc6 (11... Nbd7 12. Nb5 $18) ({RR} 11... Nbd7 12. Nb5) 12. Nxc6 bxc6 13. Qxc6+ $16 {1-0 Carlsen,M (2837)-Bologan,V (2732)/Astana KAZ 2012 (54)}) ({RR} 10... Bd6 11. Qa4+ Nc6 12. Nxc6 bxc6 13. Qxc6+) 11. Rc1 O-O 12. O-O Nfd7 {with a solid position. For instance,} 13. Nxd7 Nxd7 14. a4 Nb8 15. e4 dxe4 16. d5 Nd7 17. Be3 Nc5 $1 (17... Bc5 $6 18. Nxe4 Bxe3 19. Qxe3 Qb6 20. Ng3 $36 {½-½ Aronian,L (2802)-Carlsen,M (2826)/London 2011/CBM 146 (39)}) ({RR} 17... Bc5 18. Nxe4 Bxe3 19. Qxe3 Qb6 20. Ng3) 18. Qc4 ({Black is clearly no longer at risk in the event of:} 18. Qc2 Ra8 19. dxe6 fxe6 20. Bxc5 Bxc5 21. Nxe4 Bd4 $11) ({RR} 18. Qc2 Ra8 19. dxe6 fxe6 20. Bxc5 Bxc5 21. Nxe4 Bd4) 18... b6 19. g4 exd5 (19... Bh7 $5 20. dxe6 Nxe6 21. Rfd1 Qb8 {is also fine for Black}) ({RR} 19... Bh7 20. dxe6 Nxe6 21. Rfd1 Qb8) 20. Qxd5 Qxd5 21. Nxd5 Be6 22. Nxe7+ Rxe7 $11) ({RR} 7. Qb3 Ra7 8. cxd5 cxd5 9. Ne5 e6 10. Bd2 Be7 11. Rc1 O-O 12. O-O Nfd7 13. Nxd7 Nxd7 14. a4 Nb8 15. e4 dxe4 16. d5 Nd7 17. Be3 Nc5 18. Qc4 b6 19. g4 exd5 20. Qxd5 Qxd5 21. Nxd5 Be6) 7... Bxd3 (7... e6 8. Bxf5 exf5 9. Qc2 g6 10. O-O Bd6 $11) ({RR} 7... e6 8. Bxf5 exf5 9. Qc2 g6 10. O-O Bd6) 8. Qxd3 e6 9. O-O Bb4 10. Bd2 ({RR} 10. b3 O-O 11. Bb2 Nbd7 12. Nd2 b5 13. a3 Ba5 14. a4 bxc4 15. bxc4 c5 16. Ba3 Bb4 17. Rfb1 Bxa3 18. Rxa3 cxd4 19. Qxd4 e5 20. Qh4) 10... O-O 11. Rfd1 {This position is quite topical with the pawn on h7. Black has to solve a problem of b4 now - 11...bd7? is a tactical blunder (12.xd5!)} ({RR} 11. a3 Bxc3 12. Bxc3 dxc4 ({RR} 12... Nbd7 13. Rfd1 a5 14. a4 Ne4 15. Nd2 Nxc3 16. bxc3 Qc7 17. cxd5 cxd5 18. c4 dxc4 19. Nxc4 Rfc8 20. Nd2 Ra6 21. Ne4) 13. Qxc4 Qd5 14. Qb4 b5 15. Qa5 Rc8 16. a4 Ne4 17. Nd2 Nd6 18. Rfe1 f5 19. f3 c5 20. e4 fxe4 21. fxe4 Qb7 22. axb5 Nxb5 23. d5 exd5 24. exd5 Qxd5 25. Re5 Qd7 {Giri,A (2790)-Mamedyarov,S (2756) Shamkir 2015 ½-½ (41)}) ({RR} 11. a3 Bxc3 12. Bxc3 dxc4 13. Qxc4 Qd5 14. Qb4 b5 15. Qa5 Rc8 16. a4 Ne4 17. Nd2 Nd6 18. Rfe1 f5 19. f3 c5 20. e4 fxe4 21. fxe4 Qb7 22. axb5 Nxb5) ({RR} 11. b3 a5 12. a3 Bxc3 13. Bxc3 Ne4 14. Bb2 Re8 15. Ne5 Nd7 16. Nxd7 Qxd7 17. f3 Ng5 18. a4 f6 19. Bc3 Nf7 20. Rad1) 11... Bxc3 {The simplest way to complete the developement.} ({Protecting the bishop has its drawbacks:} 11... a5 12. a3 Bxc3 (12... Be7 13. e4 dxe4 14. Nxe4 Nxe4 15. Qxe4 Nd7 16. Bf4 $14) ({RR} 12... Be7 13. e4 dxe4 14. Nxe4 Nxe4 15. Qxe4 Nd7 16. Bf4) 13. bxc3 Nbd7 (13... dxc4 14. Qxc4 Qd5 15. Qe2 $14) ({RR} 13... dxc4 14. Qxc4 Qd5 15. Qe2) 14. cxd5 cxd5 15. c4 $14) ({It was possible to keep the bishop on the board by means of} 11... Ba5 $5 12. Rab1 ({RR} 12. Rab1 Nbd7 13. b4 Bc7 14. e4 Nb6 15. cxd5 cxd5 16. e5 Nfd7) 12... Nbd7 13. b4 Bc7 14. e4 Nb6 15. cxd5 cxd5 16. e5 Nfd7 $132) ({RR} 11... Ba5 12. a4 Nbd7 13. b4 ({RR} 13. Ne2 Re8 14. Qb3 Rb8) 13... Bxb4 ({RR} 13... Bc7 14. a5 Re8 15. e4 dxe4 16. Nxe4 e5 17. dxe5 Nxe4 18. Qxe4 Nxe5) 14. Nxd5 exd5 ({RR} 14... cxd5 15. Bxb4 dxc4 16. Qxc4 Rc8 17. Qb3 Re8 18. a5) ({RR} 14... Bxd2 15. Nxf6+ Nxf6 16. Rxd2 c5 17. Rb1 Qc7) 15. Bxb4 Re8 ({RR} 15... dxc4 16. Qxc4 Re8) 16. a5 dxc4 17. Qxc4 Nd5 18. h3 ({RR} 18. Rab1 Rb8 19. Rb2) 18... Qc7 19. Be1 N7f6 20. Ne5 Ne4 21. Rac1 Qe7 ({RR} 21... Rad8 22. Qb3 Qe7 23. Rc2) 22. Qd3 Nd6 23. Qa3 f6 ({RR} 23... Nb5 24. Qb2 Rad8 25. Nd3 Nd6) 24. Nd3 Rad8 25. Bb4 ({RR} 25. Nc5 Ne4) 25... Nxb4 26. Qxb4 {Carlsen,M (2863)-Mamedov,R (2658) Shamkir 2015 CBM 166 [Ftacnik,Lubomir] 1-0 (35)}) ({RR} 11... a5 12. a3 Bxc3 13. bxc3 Nbd7 14. cxd5 cxd5 15. c4) 12. Bxc3 Nbd7 ({RR} 12... Ne4 13. Be1 Nd7 14. Rac1 Re8 15. Qb3 ({RR} 15. a4 Qf6 16. Qc2 Nd6 17. b3 Rac8 18. Bb4 Ne4 19. Qe2 Qf5 20. h3 Qh5 21. Rc2) 15... Qb6 16. Qxb6 Nxb6 17. b3 f6 18. Kf1 a5 19. Ng1 a4 20. c5 Nd7 21. b4) 13. b3 $146 {White is marginally better due to a space advantage, but it would be difficult to make progress.} ({RR} 13. Rac1 Qe7 14. a3 Rfd8 15. Ba5 Rdc8 16. Bb4 Qd8 17. h3 Ne4 18. Nd2 Nxd2 19. Bxd2 Qh4 20. Be1 Qg5 21. f3 b5 22. c5 a5 23. e4 a4 24. Qe2 Re8 25. e5 f6 26. Bd2 Qg6 27. exf6 Qxf6 {Chigaev,M (2599)-Bocharov,I (2563) Sochi 2018 0-1 (65)}) 13... Qe7 {At this stage of the game Hikaru correctly avoids any active actions.} (13... Ne4 14. Bb2 a5 15. Ne5 Nxe5 16. dxe5 Qe7 17. Qc2 $14) ({RR} 13... Ne4 14. Bb2 a5 15. Ne5 Nxe5 16. dxe5 Qe7 17. Qc2) 14. Rac1 Rac8 (14... a5 15. Nd2 Rfd8 (15... a4 16. b4 Nb6 17. c5 Nbd7 18. b5 $14) ({RR} 15... a4 16. b4 Nb6 17. c5 Nbd7 18. b5) 16. h3 Nf8 17. e4 dxe4 18. Nxe4 Nxe4 19. Qxe4 Ng6 20. a4 Qg5 21. g3 Rd7 22. h4 Qh5 23. Rd3 Ne7 24. Rcd1 $14) ({RR} 14... a5 15. Nd2 Rfd8 16. h3 Nf8 17. e4 dxe4 18. Nxe4 Nxe4 19. Qxe4 Ng6 20. a4 Qg5 21. g3 Rd7 22. h4 Qh5 23. Rd3 Ne7 24. Rcd1) 15. Qe2 Ne4 $6 {This move looks natural, but the knight does not have much of a job to do there. Moreover, now White's plan of seizing the centre by means of f2-f3 and e3-e4 becomes more realistic.} ({A solid alternative was} 15... Rfd8 {completing the flexible setup. The play may continue:} 16. Ne1 dxc4 17. bxc4 c5 18. Qb2 b6 19. f3 (19. dxc5 Nxc5 20. Bxf6 Qxf6 21. Qxb6 Rxd1 22. Rxd1 Qc3 $11) ({RR} 19. dxc5 Nxc5 20. Bxf6 Qxf6 21. Qxb6 Rxd1 22. Rxd1 Qc3) 19... cxd4 20. Bxd4 Rc6 $11) ({RR} 15... Rfd8 16. Ne1 dxc4 17. bxc4 c5 18. Qb2 b6 19. f3 cxd4 20. Bxd4 Rc6) 16. Bb2 Rfd8 17. Ne1 Nd6 {Allowing the unpleasant pin, but Black's position lacks any constructive ideas.} (17... Qg5 18. f3 Nd6 19. c5 (19. e4 $6 dxc4 20. bxc4 b5 $132) 19... Nf5 20. e4 Nh4 21. g3 $14) (17... dxc4 18. Qxc4 Nef6 19. Nd3 $14) (17... Nef6 18. Nd3 $14) ({RR} 17... Qg5 18. f3 Nd6 19. c5 Nf5 20. e4 Nh4 21. g3) ({RR} 17... dxc4 18. Qxc4 Nef6 19. Nd3) ({RR} 17... Nef6 18. Nd3) 18. Ba3 $14 f5 {Hikaru is trying to stop e3-e5 at any cost, but the weakness of the dark squares in his camp is obvious now.} (18... Nf6 19. Nd3 Qc7 20. f3 $14) 19. Nd3 Nf6 20. Bb4 Qc7 21. Qf3 {Magnus decides to activate the queen and is ready to enter the endgame.} ({Black is definitely also under pressure after} 21. f3 $5 Nf7 22. Be1 Qe7 23. Bh4 $14) 21... dxc4 {This exchange can hardly suit Black - the pawn structure is better for White now. However, Hikaru was trying to push e6-e5.} (21... Nf7 22. h4 Re8 $14) 22. bxc4 Nf7 23. a4 {A positional threat of fixing the pawn structure is unpleasant, so Black is forced to take a decision now.} a5 {Creating one more potential weakness.} ({I would prefer} 23... b6 24. Qf4 Qxf4 25. Nxf4 Re8 (25... c5 26. Ba3 $14) 26. a5 bxa5 27. Bxa5 e5 28. dxe5 Nxe5 $14 {in the resulting position White has a stable positional advantage, but the material is reduced.}) 24. Be1 b6 25. Qg3 {Black cannot avoid an inferior endgame.} (25. Qf4 $5) 25... Qxg3 26. hxg3 {[%csl Ra5,Rb6][%cal Gc4c5]} Ra8 {A sad necessity. There was no other way to save losing a pawn.} (26... c5 27. dxc5 bxc5 28. Bxa5 Rd6 29. Be1 Rcd8 30. Nb2 $16) 27. f3 Rdb8 {A correct idea. Pushing b6-b5 may simplify the position and ease Black's task.} 28. Rc2 (28. Rb1 Nd7 29. c5 (29. Kf2 Nd6 30. Rdc1 c5 $14) 29... bxc5 30. Nxc5 Nxc5 31. dxc5 Rxb1 32. Rxb1 Ne5 $14) 28... b5 (28... Nd7 $5 29. Rb1 e5 $14) 29. Nc5 $1 {The most ambitious continuation. Magnus is not ready to swap the queenside pawns.} ({Things could be much easier for Hikaru after} 29. cxb5 cxb5 30. axb5 Rxb5 31. Ra1 e5 $14) 29... bxc4 ({After} 29... b4 30. Nxe6 Ra7 31. Nc5 Nd7 32. Nb3 $14 {the strong b4 doesn't fully compensate for the loss of a pawn.}) 30. Rxc4 Nd5 (30... e5 31. Kf2 Nd5 32. Rdc1 Rb2+ (32... exd4 33. Rxd4 Rb2+ 34. Rd2 Rb4 35. Re2 Rb6 36. e4 fxe4 37. Rxe4 $14) 33. R4c2 Rxc2+ 34. Rxc2 exd4 35. exd4 $14) 31. Bd2 e5 32. e4 {A double-edged decision. Magnus gets an excellent square for his knight, but now there are not many pawns left on the board.} (32. Ne6 $5 Rb6 33. dxe5 (33. Rdc1 exd4 34. Rxd4 $14) 33... Nxe5 34. Rc5 Nd7 35. Rc2 $14) 32... fxe4 33. Nxe4 (33. fxe4 $6 Nf6 $11) 33... Nb6 $6 {This natural decision is wrong. Nakamura liquidates the last queenside pawn, but his pieces lose harmony.} (33... exd4 $142 34. Rxd4 Rb2 35. Rc1 Nd8 36. Nc5 Ra2 $14) 34. Rxc6 Nd8 ({I would prefer} 34... Nxa4 35. Ra1 Nb6 ({after} 35... Nb2 36. d5 a4 37. d6 a3 38. d7 Nd8 39. Rc3 $16 {White's passed pawn is very strong}) 36. Rxa5 Rxa5 37. Bxa5 Na4 $1 38. dxe5 (38. d5 $2 Rb5 $11) 38... Nxe5 39. Rc7 Rf8 40. g4 $16 {and Black has a very difficult position, but drawing chances cannot be understimated.}) 35. Rg6 $1 {A good practical decision - now Black has an unpleasant choice, so there are more chances for an additional mistake!} (35. Rd6 Nf7 (35... Nc4 36. Rd5 exd4 37. Rxd4 $16) 36. Re6 Nxa4 37. dxe5 Nb2 38. Ra1 a4 39. Bc3 Nc4 40. f4 $16) 35... Nc4 36. dxe5 Kh7 $2 {A decisive mistake.} ({It was necessary to exchange the strong bishop:} 36... Nxe5 37. Rd6 Nc4 38. Rd7 Nb6 39. Bf4 Nxd7 40. Bxb8 Rxb8 41. Rxd7 $16) 37. Rg4 Nxe5 38. Rh4 Ndf7 (38... Ndc6 39. g4 Kg8 40. Bc3 $18) 39. Bc3 {Combining play on the both sides of the board.} Rb3 (39... Rd8 40. Rb1 Rd3 41. Rb5 Nd7 42. Bxa5 $18) 40. Rd5 Re8 41. Rf4 $1 {Brilliant technique by the World Champion. Now Black just loses a second pawn.} (41. Rxa5 Ng6 42. Rg4 Rxe4 43. Rxe4 Rxc3 $16 {deserves much more efforts.}) 41... Re7 42. Bxa5 $18 {The rest is a matter of accuracy, since Black is unable to create any threats.} Ng6 43. Rff5 Nfe5 44. Rd1 {The rook is going to support the passed a4.} Nc4 (44... Ra3 45. Bb4 $18) 45. Rc1 Nxa5 46. Rxa5 Ra3 47. Rcc5 {Restricting the knight. White is not in a hurry.} Ra2 48. Kh2 Rd7 ({The following illustrative line shows, that Black is helpless:} 48... Rb7 49. Ra8 Rbb2 50. Nf6+ $1 gxf6 51. Rc7+ Ne7 52. Rxe7+ Kg6 53. Rg8+ Kf5 54. g4+ Kf4 55. Re4#) 49. Ra6 Ne7 50. g4 Rb7 ({Or} 50... Nd5 51. Rxd5 Rxd5 52. Nc3 Rdd2 53. Nxa2 Rxa2 54. a5 $18) 51. Rb5 Rc7 52. Nc5 Rc6 (52... Ng6 53. Kg3 $18) 53. Rxc6 Nxc6 54. Rb7 {Reminding Black about the king.} Nd4 55. Kh3 Kg8 56. Rb4 Ne2 57. g5 Ng1+ (57... hxg5 58. Kg4 Ng1 59. g3 Ne2 60. Ne4 $18) 58. Kg3 Ne2+ (58... hxg5 59. Ne4 g4 60. f4 g6 61. Nf6+ Kg7 62. Nxg4 $18) 59. Kg4 hxg5 60. Kxg5 Ng1 61. Rg4 1-0